| 000 | 00940nam a22003257a 4500 | ||
|---|---|---|---|
| 001 | 000038406 | ||
| 003 | CHAP | ||
| 005 | 20220817042209.0 | ||
| 008 | 971013s1955 r 00010 d | ||
| 010 | _a37350 | ||
| 011 | _a38322 | ||
| 035 | _a42442 | ||
| 040 | _cCHAP | ||
| 090 | _aFolleto 1554 | ||
| 110 | 2 |
_aMéxico. Dirección General de Enseñanza Agrícola _976983 |
|
| 245 | 1 | 0 | _aCartilla sobre avicultura familiar. |
| 250 | _a2 ed. | ||
| 260 |
_aMéxico, D.F. : _bLa Dirección, _c1955. |
||
| 300 | _a14 p. | ||
| 590 |
_aBATCH-UPD _b10 _c20130110 _lUCH01 _h2313 |
||
| 590 |
_aBATCH-UPD _b10 _c20130410 _lUCH01 _h1604 |
||
| 590 |
_aBATCH-UPD _b10 _c20130914 _lUCH01 _h2115 |
||
| 590 |
_aCONVERSION _b10 _c20130109 _lUCH01 _h1321 |
||
| 590 |
_aE5995AHE _b05 _c20141121 _lUCH01 _h0922 |
||
| 650 | 1 | 4 |
_aAvicultura _xMéxico. |
| 901 | _aBK | ||
| 942 | _cFOLL | ||
| 942 | _n0 | ||
| 949 |
_aFolleto 1554 _bBC _cFOLL _d-97761 _eTS1 _i42442 _si |
||
| 999 |
_c37350 _d37350 |
||